000 00592nam a2200241Ia 4500
003 OSt
005 20221005121651.0
006 a|||||r|||| 00| 0
007 ta
008 221004b |||||||| |||| 00| 0 kan d
024 _a61582
037 _cTextual
040 _aCRL
_cCRL
_bkan
041 _2kan
_akan
082 _aO33,3NMU2,1, J3
100 _aMurti Au.
_9628699
245 0 _aHoovina sere
260 _c1953
650 _a KANNAD LITERATURE
650 _aKANNAD FICTION
942 _hO33,3NMU2,1, J3
_cTEXL
_2cc
999 _c1041883
_d1041883